Financing helps members adjust to unexpected external disruptions.

Popis jedného z plánov finančnej pomoci MMF, tzv. kompenzačného plánu pre nepredvídané udalosti (CCFF), ktorým sa kompenzujú napr. straty exportu a importu člena v dôsledku nepredvídaných udalostí vo svete.

Salvato in:
Dettagli Bibliografici
Natura: Capitolo di libro
Lingua:inglese
Soggetti:
Tags: Aggiungi Tag
Nessun Tag, puoi essere il primo ad aggiungerne!!

MARC

LEADER 00000naa a2200000 4500
001 r006102
005 20221213084120.6
041 0 |a eng 
044 |a US 
245 1 0 |a Financing helps members adjust to unexpected external disruptions. 
520 |a Popis jedného z plánov finančnej pomoci MMF, tzv. kompenzačného plánu pre nepredvídané udalosti (CCFF), ktorým sa kompenzujú napr. straty exportu a importu člena v dôsledku nepredvídaných udalostí vo svete. 
610 2 0 |a Medzinárodný menový fond 
610 2 0 |a pomoc finančná 
610 2 0 |a financovanie 
610 2 0 |a dovoz 
610 2 0 |a vývoz